000 00520nam a2200193Ia 4500
005 20250326124939.0
008 250326s9999 xx 000 0 und d
037 _aTextbook
040 _aFMSL
_beng
_cFMSL
041 _aeng
_2eng
084 _aX:8F L5;2
_qFMSL
100 _aHorngren C T
245 0 _aAccounting for management control
_cHorngren C T
250 _a3
260 _aNew Delhi
_bNew Delhi, Prentice-Hall
_c1975
300 _a619p
942 _cTB
_hX:8F L5;2
999 _c1275871
_d1275871